| 000 | 00372cam a2200157ua 4500 | ||
|---|---|---|---|
| 041 |
_aeng _h |
||
| 082 |
_a535.84 _bWHI/SP |
||
| 100 | _aWhiffen, D H . | ||
| 245 |
_aSpectroscopy / _cD H Whiffen. _hTextual Documents |
||
| 250 |
_a1 / _b. |
||
| 260 |
_aLondon : _bLongman Green and Co , _c1968. |
||
| 300 | _a205 ; . | ||
| 504 | _a | ||
| 942 | _cBK | ||
| 999 |
_c8827 _d8827 |
||